000 00963nam0a22002651 4500
001 rc\881774
005 20260407135135.0
035 _a(NLR Aleph) 006059349
090 _a4892226
_c4892226
100 _a20041129d1983 u y0rusy50 ca
101 0 _arus
102 _aRU
105 _aa |||||||||
200 1 _aВопросы просодики и звукового состава
_e[Сб. ст.]
_fГоловной Иркут. гос. пед. ин-т
_g[Отв. ред. О.Х. Цахер]
210 _aИркутск
_cИГПИ
_d1983
215 _a175 с.
_cграф.
_d21
320 _aБиблиогр. в конце ст.
702 1 _aЦахер
_bО.Х.
_gОскар Христианович
_4340
712 0 2 _aИркутский педагогический институт
_3RU\NLR\AUTH\8810003654
_9504592
801 0 _aRU
_bNLR
_gpsbo
801 1 _aRU
_bELAR
_2rusmarc
852 _aNLR
_j84-3/10251
852 _aNLR
_j85-3/4196
942 _cBOOK
980 _aNB